000 01968nam a2200469 i 4500
001 1420810489
003 OCoLC
005 20260109025424.0
008 240212t20212018enkab j 000 1 eng d
020 _a9781782263760
_q(paperback)
020 _a1782263764
_q(paperback)
035 _a(OCoLC)1420810489
040 _aIHI
_beng
_erda
_cIHI
_dOCLCO
_dSO$
041 1 _aeng
_hita
082 0 4 _a[Fic]
_223
092 _fJ
_aSTILTON
100 1 _aStilton, Geronimo,
_eauthor.
240 1 0 _aStrano caso del fantasma al Grand Hotel.
_lEnglish.
245 1 0 _aThis hotel is haunted /
_cGeronimo Stilton.
250 _a2021 UK edition.
264 1 _aLeicester, England :
_bSweet Cherry Publishing,
_c2021.
264 4 _c℗♭2018.
300 _a101 pages :
_billustrations, maps ;
_c20 cm.
336 _atext
_btxt
_2rdacontent.
337 _aunmediated
_bn
_2rdamedia.
338 _avolume
_bnc
_2rdacarrier.
490 1 _aGeronimo Stilton ;
_v50.
500 _aOriginal title: Lo strano caso del fantasma al Grand Hotel.
500 _aBased on an original idea by Elisabetta Dami.
520 _a"Even a scaredy mouse like Geronimo knows there's no such thing as ghosts. Or is there? Something is spooking guests at the Grand Hotel and it's up to Geronimo to find out what--or who. Can Hercule Poirat help him solve this fur-raising mystery? Or will business go down the toilet?"--Publisher's description.
546 _aTranslated from the Italian.
600 1 0 _aStilton, Geronimo
_vJuvenile fiction.
650 0 _aMice
_vJuvenile fiction.
650 0 _aHaunted hotels
_vJuvenile fiction.
650 0 _aInvestigations
_vJuvenile fiction.
655 7 _aGhost stories.
_2lcgft.
700 1 _aDami, Elisabetta,
_ecreator.
700 1 2 _iContainer of (expression):
_aStilton, Geronimo.
_tStrano caso del Fantasma al Grand Hotel.
_lEnglish.
800 1 _aStilton, Geronimo.
_tGeronimo Stilton.
_pClassic tales ;
_v50.
907 _a.b492016537
942 _2ddc
_cBK
999 _c31407
_d31405